[Event "13sen.WMH 2003 Senioren"]
[Site "Bad Zwischenahn(17.11.-29.11.2003)"]
[Date "2003.11.29"]
[Round "1.128"]
[White "Zotin, Vladimir"]
[Black "Krause, Armin"]
[Result "1-0"]
[WhiteElo "1882"]
[BlackElo "1309"]
[PlyCount "83"]


1. e4 e5 2. Bc4 Nf6 3. d4 d5 4. exd5 Nxd5 5. dxe5 c6 6. Nf3 Be6 7. O-O Bc5 8.
Nbd2 O-O 9. Ne4 Nd7 10. Qe2 h6 11. Rd1 Qe7 12. Ng3 b5 13. Bd3 Bg4 14. Qe4 N7f6
15. exf6 Nxf6 16. Qxe7 Bxe7 17. Re1 Bc5 18. Ne4 Nxe4 19. Bxe4 Bd7 20. Ne5 Be6
21. Nd3 Bd4 22. Bxc6 Rad8 23. Bxb5 Rd6 24. Be3 Bxe3 25. Rxe3 a6 26. Ba4 Rfd8
27. Bb3 Bf5 28. Bc4 Rc8 29. b3 a5 30. Rae1 Rf8 31. Re7 Be6 32. Bxe6 fxe6 33.
R7xe6 Rd4 34. R1e4 Rd5 35. R6e5 Rd6 36. Rxa5 Kh7 37. f3 Rc8 38. Rc5 Rxc5 39.
Nxc5 Rd2 40. Rc4 Rd1+ 41. Kf2 Rd6 42. a4 1-0

[Event "13sen.WMH 2003 Senioren"]
[Site "Bad Zwischenahn(17.11.-29.11.2003)"]
[Date "2003.11.29"]
[Round "1.129"]
[White "Bolduan, Albrecht"]
[Black "Wiesner, Werner"]
[Result "0-1"]
[WhiteElo "1368"]
[BlackElo "2031"]
[PlyCount "78"]


1. d4 d5 2. e4 dxe4 3. Nc3 Nf6 4. f3 exf3 5. Qxf3 c6 6. Be3 Bg4 7. Qf4 Qd6 8.
Nge2 Qxf4 9. Bxf4 e6 10. h3 Bh5 11. Ng3 Nbd7 12. Nxh5 Nxh5 13. Bh2 Bb4 14. Be2
Nhf6 15. a3 Be7 16. Bf3 Nd5 17. Nxd5 cxd5 18. O-O Rc8 19. c3 Nb6 20. Rab1 Nc4
21. Rf2 Bg5 22. Re2 O-O 23. Kf2 Rc6 24. g4 Rb6 25. a4 Nd2 26. Rd1 Rxb2 27. Bd6
Rc8 28. Bb4 b6 29. Kg3 Ne4+ 30. Kg2 Rxe2+ 31. Bxe2 a5 32. Ba6 Ra8 33. Bb5 axb4
34. cxb4 Nc3 35. Rd3 Nxb5 36. axb5 Bf6 37. Kf3 Rc8 38. Ra3 g6 39. Ke3 Rc4 0-1

[Event "13sen.WMH 2003 Senioren"]
[Site "Bad Zwischenahn(17.11.-29.11.2003)"]
[Date "2003.11.29"]
[Round "1.130"]
[White "Thielemann, Joachim"]
[Black "Farin, Friedrich"]
[Result "1-0"]
[WhiteElo "1838"]
[BlackElo "1393"]
[PlyCount "39"]


1. b4 f5 2. Bb2 d6 3. f4 b6 4. e3 Bb7 5. Nf3 c5 6. b5 a6 7. Ng5 Nf6 8. c4 axb5
9. cxb5 Nbd7 10. Bc4 d5 11. Be2 g6 12. O-O Qb8 13. g4 e5 14. gxf5 gxf5 15. Bh5+
Ke7 16. fxe5 Nxe5 17. Rxf5 Neg4 18. Bxg4 Nxg4 19. Qxg4 Rg8 20. Rf7+ 1-0

[Event "13sen.WMH 2003 Senioren"]
[Site "Bad Zwischenahn(17.11.-29.11.2003)"]
[Date "2003.11.29"]
[Round "1.131"]
[White "Luebbers, Doris,Dr."]
[Black "Bodenstein, Joachim"]
[Result "0-1"]
[WhiteElo "1308"]
[BlackElo "1862"]
[PlyCount "80"]


1. d4 d5 2. Nf3 Nc6 3. e3 Bg4 4. Be2 Nf6 5. Nbd2 e6 6. O-O Be7 7. b3 O-O 8. Bb2
Bf5 9. Ne5 Ne4 10. Nxc6 bxc6 11. Nxe4 Bxe4 12. Bd3 f5 13. f3 Bxd3 14. Qxd3 Bd6
15. f4 Rf6 16. Rf3 Rh6 17. Rh3 Rxh3 18. gxh3 Qh4 19. Qf1 Rf8 20. Qf3 Rf6 21.
Kh1 Rh6 22. Kg2 Kf7 23. Rg1 Rg6+ 24. Kh1 Rxg1+ 25. Kxg1 Qe1+ 26. Kg2 Kf6 27.
Qf2 Qxf2+ 28. Kxf2 g5 29. Kf3 Kg6 30. Bc3 c5 31. Be1 cxd4 32. exd4 Bxf4 33. Bg3
Bxg3 34. hxg3 Kf6 35. c3 e5 36. Ke3 f4+ 37. gxf4 exf4+ 38. Kf3 Kf5 39. c4 h5
40. cxd5 g4+ 0-1

[Event "13sen.WMH 2003 Senioren"]
[Site "Bad Zwischenahn(17.11.-29.11.2003)"]
[Date "2003.11.29"]
[Round "1.132"]
[White "Eidelmann, Vova"]
[Black "Groener, Marga"]
[Result "1-0"]
[WhiteElo "1930"]
[BlackElo "1283"]
[PlyCount "127"]


1. d4 d5 2. c4 e6 3. Nf3 Nf6 4. Nc3 Nbd7 5. Bg5 Be7 6. e3 c6 7. Bd3 O-O 8. Qc2
dxc4 9. Bxc4 h6 10. Bh4 Qc7 11. O-O Rd8 12. Bd3 Nf8 13. Bg3 Bd6 14. Nb5 cxb5
15. Qxc7 Bxc7 16. Bxc7 Rd7 17. Rfc1 Nd5 18. Ba5 a6 19. Rc2 b6 20. Bd2 Rc7 21.
Rac1 Rxc2 22. Rxc2 Bb7 23. Ne5 Rb8 24. e4 Nf6 25. f3 Ne8 26. Nc6 Bxc6 27. Rxc6
Ng6 28. Kf2 Ne7 29. Rc3 Rc8 30. Rxc8 Nxc8 31. a4 Ned6 32. axb5 axb5 33. b3 Na7
34. Bb4 Nb7 35. d5 exd5 36. exd5 Nc5 37. Bc2 Kf8 38. Ke3 Ke8 39. Kd4 Na6 40.
Bd6 Nc8 41. Ba3 g6 42. Bd3 Na7 43. g4 Nb8 44. Ke5 Nd7+ 45. Kd6 Kd8 46. f4 Nf8
47. Bb2 Nd7 48. Ba3 Nf8 49. f5 g5 50. Bb2 Nd7 51. Bg7 b4 52. Bxh6 f6 53. Bc2
Ne5 54. h3 Nf7+ 55. Ke6 Nxh6 56. Kxf6 Ng8+ 57. Kxg5 Nc8 58. f6 Ke8 59. h4 Kf7
60. Bg6+ Kf8 61. h5 Nd6 62. h6 Nxh6 63. Kxh6 Nf7+ 64. Bxf7 1-0

[Event "13sen.WMH 2003 Senioren"]
[Site "Bad Zwischenahn(17.11.-29.11.2003)"]
[Date "2003.11.29"]
[Round "1.133"]
[White "Polk, Maria"]
[Black "Hellwege, Werner"]
[Result "0-1"]
[WhiteElo "1223"]
[BlackElo "1887"]
[PlyCount "72"]


1. e4 c5 2. g3 d5 3. exd5 Qxd5 4. Nf3 Bg4 5. Be2 Nc6 6. Nc3 Qd7 7. a3 Nf6 8. d3
h6 9. Be3 e5 10. Qd2 Be7 11. O-O Rd8 12. Rad1 Qe6 13. Nb5 O-O 14. Nh4 Bh3 15.
Ng2 Qd5 16. f3 a6 17. Nc3 Qe6 18. Ne4 Nxe4 19. fxe4 c4 20. Bb6 Rd7 21. Qc3 Nd4
22. Bxd4 Rxd4 23. dxc4 Rxe4 24. Bf3 Rxc4 25. Qb3 e4 26. Be2 Rc7 27. c4 Qc6 28.
Rc1 Bg5 29. Rc2 Be6 30. Qa2 b5 31. h4 Bf6 32. b3 bxc4 33. bxc4 Rfc8 34. Ne3 Bd4
35. Qb3 Rb7 36. Qa2 Bxe3+ 0-1

[Event "13sen.WMH 2003 Senioren"]
[Site "Bad Zwischenahn(17.11.-29.11.2003)"]
[Date "2003.11.29"]
[Round "1.134"]
[White "Wulf, Adalbert"]
[Black "Kuhnert, Werner"]
[Result "1-0"]
[WhiteElo "1800"]
[BlackElo "1290"]
[PlyCount "55"]


1. Nf3 Nf6 2. b4 e6 3. a3 b6 4. e3 Be7 5. Bb2 Bb7 6. Be2 O-O 7. O-O d6 8. d4 d5
9. Nbd2 a6 10. c4 c6 11. Rc1 Nbd7 12. Bd3 b5 13. c5 Re8 14. Ne5 Nf8 15. f4 N6d7
16. Qh5 Nxe5 17. fxe5 Ng6 18. Nf3 Rf8 19. Rc2 f5 20. exf6 Bxf6 21. Rcf2 Qe7 22.
h4 Rae8 23. g3 Qd7 24. Kg2 Rf7 25. Bxg6 hxg6 26. Qxg6 Bc8 27. Ne5 Bxe5 28. Rxf7
1-0

[Event "13sen.WMH 2003 Senioren"]
[Site "Bad Zwischenahn(17.11.-29.11.2003)"]
[Date "2003.11.29"]
[Round "1.135"]
[White "Klopfer, Gert"]
[Black "Luecke, Volkmar"]
[Result "0-1"]
[WhiteElo "1446"]
[BlackElo "1878"]
[PlyCount "58"]


1. d4 Nf6 2. Bg5 Ne4 3. Bh4 c5 4. d5 Qa5+ 5. c3 g6 6. Qc1 Bg7 7. Qe3 Nf6 8. Nd2
Nxd5 9. Qf3 Nf6 10. e3 O-O 11. Bc4 Nc6 12. Qg3 Nh5 13. Qg4 d5 14. Qe2 dxc4 15.
Qxc4 Ne5 16. Qe2 Bd7 17. Bxe7 Bb5 18. Nb3 Qa6 19. Nxc5 Bxe2 20. Nxa6 Bxa6 21.
Bxf8 Kxf8 22. Nh3 Nd3+ 23. Kd2 Nxb2 24. Ng5 Na4 25. Rac1 Rd8+ 26. Kc2 Nxc3 27.
Kb3 Rd3 28. Rc2 Ne4+ 29. Kb4 Nxg5 0-1

[Event "13sen.WMH 2003 Senioren"]
[Site "Bad Zwischenahn(17.11.-29.11.2003)"]
[Date "2003.??.??"]
[Round "1.136"]
[White "Rubinstein, Mark"]
[Black "Geibel, Henning"]
[Result "1-0"]
[WhiteElo "1938"]
[BlackElo "1088"]
[PlyCount "51"]


1. c4 e5 2. Nc3 Nf6 3. g3 Bc5 4. Bg2 O-O 5. e3 d6 6. Nge2 Be6 7. Bxb7 Nbd7 8.
b3 Rb8 9. Bg2 Bb4 10. O-O Nc5 11. d4 exd4 12. exd4 Bxc3 13. Nxc3 Ncd7 14. h3 h6
15. g4 Nb6 16. d5 Bd7 17. g5 Ne8 18. gxh6 gxh6 19. Bxh6 Ng7 20. Ne4 Kh8 21. Kh2
Qh4 22. Bg5 Qh7 23. Qd4 c5 24. dxc6 Bxc6 25. Nf6 Qg6 26. Qh4+ 1-0

[Event "13sen.WMH 2003 Senioren"]
[Site "Bad Zwischenahn(17.11.-29.11.2003)"]
[Date "2003.11.29"]
[Round "1.1"]
[White "Kuehn, Peter[38NBrandb]"]
[Black "Klovans, Janis"]
[Result "0-1"]
[WhiteElo "1882"]
[BlackElo "2465"]
[PlyCount "74"]


1. e4 c5 2. Nf3 Nc6 3. d4 cxd4 4. Nxd4 Nf6 5. Nc3 e5 6. Ndb5 d6 7. Bg5 a6 8.
Na3 b5 9. Nd5 Be7 10. Bxf6 Bxf6 11. c3 O-O 12. Nc2 Bg5 13. a4 bxa4 14. Rxa4 a5
15. Be2 Rb8 16. Qa1 Bd7 17. Qa3 Ne7 18. Nxe7+ Bxe7 19. Rxa5 Rxb2 20. Qxb2 Qxa5
21. O-O Rc8 22. Ne3 Be6 23. c4 g6 24. Ra1 Qc5 25. h3 h5 26. Qa3 Qxa3 27. Rxa3
d5 28. Ra4 dxe4 29. Ra5 Bc5 30. g4 h4 31. Ng2 Bd4 32. Ne3 Rb8 33. Rb5 Ra8 34.
c5 Ra2 35. c6 Rxe2 36. Rb8+ Kg7 37. c7 Re1+ 0-1

[Event "13sen.WMH 2003 Senioren"]
[Site "Bad Zwischenahn(17.11.-29.11.2003)"]
[Date "2003.??.??"]
[Round "1.2"]
[White "Uhlmann, Wolfgang"]
[Black "Korn, Juergen-Christof"]
[Result "1-0"]
[WhiteElo "2455"]
[BlackElo "2015"]
[PlyCount "81"]


1. c4 c5 2. Nf3 g6 3. e4 Bg7 4. d4 cxd4 5. Nxd4 Nc6 6. Be3 Nf6 7. Nc3 Ng4 8.
Qxg4 Nxd4 9. Qd1 e5 10. Bd3 O-O 11. O-O d6 12. Re1 Be6 13. b3 a6 14. Bf1 Qa5
15. Bd2 Rfc8 16. Nb5 Qd8 17. Nxd4 exd4 18. a4 Qd7 19. Bc1 b5 20. axb5 axb5 21.
Rxa8 Rxa8 22. cxb5 Ra1 23. Qc2 Qa7 24. Qc6 Bd7 25. Qxd6 Bf8 26. Qe5 Qb6 27. Bd2
Bd6 28. Qg5 Rxe1 29. Bxe1 h6 30. Qd5 Be6 31. Qc6 Qb8 32. Bc4 Bxh2+ 33. Kf1
Bxc4+ 34. bxc4 Bf4 35. g3 Bg5 36. b6 Bd8 37. c5 h5 38. b7 Kg7 39. Qc8 Bc7 40.
Qxb8 Bxb8 41. Bd2 1-0

[Event "13sen.WMH 2003 Senioren"]
[Site "Bad Zwischenahn(17.11.-29.11.2003)"]
[Date "2003.??.??"]
[Round "1.3"]
[White "Bakalarczyk, Wlodzimierz"]
[Black "Chernikov, Oleg"]
[Result "0-1"]
[WhiteElo "1905"]
[BlackElo "2443"]
[PlyCount "80"]


1. d4 Nf6 2. c4 e6 3. Nf3 d5 4. Nc3 c5 5. cxd5 Nxd5 6. e4 cxd4 7. Qxd4 Nxc3 8.
Qxd8+ Kxd8 9. bxc3 Bc5 10. Be2 Nc6 11. O-O Ke7 12. e5 h6 13. h4 b6 14. Bf4 Bb7
15. Rfd1 Rhd8 16. Kf1 Na5 17. Nd2 Ba3 18. Nb3 Nc6 19. Rab1 Rxd1+ 20. Rxd1 Rc8
21. Bf3 Bb2 22. Nd4 Bxc3 23. Nxc6+ Bxc6 24. Bxc6 Rxc6 25. Rc1 Rc5 26. Be3 Bd4
27. Rxc5 Bxc5 28. Bd2 Kd7 29. Ke2 Kc6 30. f4 Kd5 31. Kd3 h5 32. Be1 b5 33. Ba5
Be7 34. Be1 b4 35. g3 a5 36. Bf2 Bc5 37. Be1 Bd4 38. g4 hxg4 39. h5 a4 40. Bh4
b3 0-1

[Event "13sen.WMH 2003 Senioren"]
[Site "Bad Zwischenahn(17.11.-29.11.2003)"]
[Date "2003.11.29"]
[Round "1.4"]
[White "Chepukaitis, Genrikh"]
[Black "Mueller, Heinz[41Sandersd]"]
[Result "1-0"]
[WhiteElo "2420"]
[BlackElo "1777"]
[PlyCount "52"]


1. d4 d5 2. Bg5 Nf6 3. Nd2 Nbd7 4. e3 h6 5. Bh4 e6 6. f4 Be7 7. Bd3 c5 8. c3 c4
9. Bc2 b5 10. a3 a5 11. Qe2 Bb7 12. Ngf3 Ne4 13. Bxe7 Qxe7 14. Nxe4 dxe4 15.
Nd2 Nf6 16. a4 Bd5 17. axb5 Qc7 18. Ba4 O-O 19. b3 Rfc8 20. bxc4 Bxc4 21. Nxc4
Qxc4 22. Qxc4 Rxc4 23. Kd2 Nd5 24. Bb3 Rxc3 25. Bxd5 Rd3+ 26. Ke2 exd5 1-0

[Event "13sen.WMH 2003 Senioren"]
[Site "Bad Zwischenahn(17.11.-29.11.2003)"]
[Date "2003.??.??"]
[Round "1.5"]
[White "Schwichtenberg, Juergen"]
[Black "Shabanov, Yuri"]
[Result "0-1"]
[WhiteElo "1671"]
[BlackElo "2443"]
[PlyCount "74"]


1. b4 d5 2. e3 Nf6 3. Bb2 Bf5 4. Nf3 e6 5. b5 Be7 6. Be2 h6 7. O-O O-O 8. c4
dxc4 9. Bxc4 Bd3 10. Bxd3 Qxd3 11. Nc3 Nbd7 12. Ne1 Qf5 13. d4 a6 14. a4 Nb6
15. Qb3 axb5 16. axb5 Rxa1 17. Bxa1 Ra8 18. Bb2 Ne4 19. Nf3 Nxc3 20. Qxc3 Qxb5
21. Qxc7 Nd5 22. Qc1 Ra2 23. Bc3 Ba3 24. Qe1 Qd3 25. Bd2 b5 26. Qb1 Qxb1 27.
Rxb1 b4 28. g3 Bb2 29. Ne1 Ba3 30. e4 Rxd2 31. exd5 exd5 32. Nf3 Rd3 33. Kg2 b3
34. Ne1 Rc3 35. Nf3 Bc1 36. Ng1 Ba3 37. Ne2 Rd3 0-1

[Event "13sen.WMH 2003 Senioren"]
[Site "Bad Zwischenahn(17.11.-29.11.2003)"]
[Date "2003.??.??"]
[Round "1.6"]
[White "Bukal, Vladimir"]
[Black "Perk, Egbert"]
[Result "1-0"]
[WhiteElo "2428"]
[BlackElo "1883"]
[PlyCount "101"]


1. c4 c5 2. Nc3 Nc6 3. Nf3 Nf6 4. g3 g6 5. Bg2 Bg7 6. O-O d6 7. d4 cxd4 8. Nxd4
Bd7 9. e3 Rc8 10. b3 a6 11. Bb2 O-O 12. Nde2 Ne8 13. Qd2 Be6 14. Nf4 Nc7 15.
Rfd1 Rb8 16. Rac1 Ne5 17. h3 Bd7 18. Qe2 Qe8 19. Ne4 Bc6 20. Bd4 Rc8 21. a4 h6
22. Nd5 f5 23. Nec3 Ne6 24. f4 Nd7 25. Bxg7 Nxg7 26. e4 e6 27. Nb4 Nc5 28. Nxc6
bxc6 29. Rxd6 Nxb3 30. Rcd1 c5 31. Rxa6 Nd4 32. Qf2 Rb8 33. Nb5 Qc8 34. Rd6 Rd8
35. e5 Ne8 36. Rxd8 Qxd8 37. Nxd4 cxd4 38. Qxd4 Qa5 39. Bc6 Ng7 40. c5 Kh7 41.
Bb5 Rc8 42. c6 Rc7 43. Kh2 h5 44. h4 Ne8 45. Qc5 Kg8 46. Rd8 Kf7 47. Qd4 Kf8
48. Bf1 Re7 49. Rd7 Nc7 50. Qd6 Nd5 51. c7 1-0

[Event "13sen.WMH 2003 Senioren"]
[Site "Bad Zwischenahn(17.11.-29.11.2003)"]
[Date "2003.11.29"]
[Round "1.7"]
[White "Erbs, Wolfgang"]
[Black "Karasev, Vladimir"]
[Result "0-1"]
[WhiteElo "1727"]
[BlackElo "2409"]
[PlyCount "48"]


1. e4 c5 2. Nf3 e6 3. Nc3 a6 4. d4 cxd4 5. Nxd4 b5 6. Bd3 Qb6 7. Be3 Bc5 8.
Nce2 Nf6 9. h3 Bb7 10. c3 Nxe4 11. Qc2 Nf6 12. b4 Bxd4 13. Bxd4 Qc7 14. Bxf6
gxf6 15. Be4 Nc6 16. Rc1 f5 17. Bf3 Ne5 18. Bxb7 Qxb7 19. O-O Rg8 20. Nf4 Rxg2+
21. Nxg2 Nf3+ 22. Kh1 Qc7 23. Nf4 Qxf4 24. Kg2 Nh4+ 0-1

[Event "13sen.WMH 2003 Senioren"]
[Site "Bad Zwischenahn(17.11.-29.11.2003)"]
[Date "2003.11.29"]
[Round "1.8"]
[White "Donchenko, Anatoli"]
[Black "Szymaniak, Horst"]
[Result "1-0"]
[WhiteElo "2378"]
[BlackElo "2007"]
[PlyCount "105"]


1. Nf3 Nf6 2. c4 d6 3. g3 g6 4. Bg2 Bg7 5. Nc3 O-O 6. O-O e5 7. d4 Nbd7 8. h3
c6 9. e4 Re8 10. Be3 Qc7 11. Qc2 b6 12. Rfd1 Ba6 13. b3 Bb7 14. Rab1 a6 15. Rd2
Rad8 16. Rbd1 h6 17. a3 Bf8 18. d5 c5 19. Ne1 Bg7 20. Nd3 g5 21. Rb1 a5 22. Nb5
Qb8 23. b4 axb4 24. axb4 Bf8 25. Qd1 Ba6 26. bxc5 bxc5 27. Ra2 Bxb5 28. Rxb5
Qc7 29. Qa1 Rb8 30. Ra7 Qc8 31. Rba5 Rb3 32. Nc1 Rb4 33. Ra4 Qb8 34. Bf1 Re7
35. Ra8 Rxa4 36. Qxa4 Qb1 37. Bd3 Qb7 38. Ra6 Re8 39. Ra7 Qc8 40. Qb5 Nb8 41.
Rb7 Nfd7 42. Nb3 Nf6 43. Kg2 Rd8 44. Bd2 Nbd7 45. Ba5 Re8 46. Bd2 Kg7 47. Na5
Nb8 48. Bc2 Kg6 49. Nc6 Nxc6 50. dxc6 Kg7 51. c7 Re7 52. Qc6 Ne8 53. Ba5 1-0

[Event "13sen.WMH 2003 Senioren"]
[Site "Bad Zwischenahn(17.11.-29.11.2003)"]
[Date "2003.??.??"]
[Round "1.10"]
[White "Hecht, Hans-Joachim"]
[Black "Pitro, Erwin"]
[Result "1-0"]
[WhiteElo "2384"]
[BlackElo "1947"]
[PlyCount "51"]


1. d4 g6 2. e4 Bg7 3. Nc3 c6 4. Nf3 Nh6 5. Bf4 f6 6. Bc4 d6 7. O-O e5 8. Be3
Qe7 9. Qe2 Nf7 10. Rad1 O-O 11. a4 Na6 12. dxe5 dxe5 13. Bxa6 bxa6 14. Nd2 Rd8
15. Nb3 Rxd1 16. Rxd1 Qb4 17. Bc5 Qb7 18. Qc4 Kh8 19. h3 Qc7 20. Bb4 Ng5 21.
Ba5 Be6 22. Qxe6 Nxe6 23. Bxc7 Nxc7 24. Rd6 c5 25. Rc6 c4 26. Na5 1-0

[Event "13sen.WMH 2003 Senioren"]
[Site "Bad Zwischenahn(17.11.-29.11.2003)"]
[Date "2003.??.??"]
[Round "1.11"]
[White "Kudoke, Willy"]
[Black "Katalymov, Boris"]
[Result "0-1"]
[WhiteElo "1847"]
[BlackElo "2381"]
[PlyCount "60"]


1. c4 e5 2. Nc3 d6 3. g3 g6 4. Bg2 Bg7 5. d3 Ne7 6. h3 Nd7 7. Nf3 O-O 8. O-O f5
9. e3 Nf6 10. Qc2 h6 11. Bd2 g5 12. Rac1 Ng6 13. Nh2 h5 14. f4 h4 15. fxg5 Nh5
16. gxh4 Nxh4 17. Nf3 Nxg2 18. Kxg2 Qd7 19. Ng1 Qe7 20. e4 f4 21. h4 Bg4 22.
Be1 Qd7 23. Kh2 Rf7 24. Bf2 Raf8 25. Qd2 Ng3 26. Rfe1 Bh5 27. Nce2 Qg4 28. Nxg3
Qxh4+ 29. Kg2 Qxg5 30. Kf1 fxg3 0-1

[Event "13sen.WMH 2003 Senioren"]
[Site "Bad Zwischenahn(17.11.-29.11.2003)"]
[Date "2003.11.29"]
[Round "1.12"]
[White "Boehnisch, Manfred"]
[Black "Petzold, Hilmar"]
[Result "1-0"]
[WhiteElo "2350"]
[BlackElo "1951"]
[PlyCount "57"]


1. e4 e5 2. Nf3 Nc6 3. Nc3 Nf6 4. Bb5 d6 5. d4 exd4 6. Nxd4 Bd7 7. Bxc6 Bxc6 8.
Nxc6 bxc6 9. Qf3 Nd7 10. Qg3 Qf6 11. h4 h6 12. b3 Be7 13. Bb2 O-O 14. O-O-O Qg6
15. Qe3 Rfe8 16. Qh3 Nc5 17. f3 a5 18. a4 Rab8 19. Ne2 Bf6 20. Bd4 Bxd4 21.
Nxd4 Qf6 22. Qf5 Qxf5 23. exf5 Rb6 24. Rhe1 Rxe1 25. Rxe1 Kf8 26. f6 g6 27. Re7
Na6 28. h5 c5 29. hxg6 1-0

[Event "13sen.WMH 2003 Senioren"]
[Site "Bad Zwischenahn(17.11.-29.11.2003)"]
[Date "2003.11.29"]
[Round "1.13"]
[White "Filzmaier, Bruno"]
[Black "Piankov, Evgenij"]
[Result "0-1"]
[WhiteElo "1784"]
[BlackElo "2299"]
[PlyCount "68"]


1. a3 d5 2. e3 g6 3. d4 Bg7 4. Nf3 Nf6 5. b4 O-O 6. Bb2 Nbd7 7. c4 dxc4 8. Bxc4
Nb6 9. Be2 a5 10. b5 a4 11. Nbd2 Bf5 12. Rc1 Qd6 13. h3 Rfd8 14. Nc4 Nxc4 15.
Bxc4 Be4 16. O-O c6 17. bxc6 bxc6 18. Ne5 e6 19. f3 Bd5 20. e4 Bxc4 21. Rxc4 c5
22. Rxa4 Rxa4 23. Qxa4 Nh5 24. Nd3 cxd4 25. Rc1 Bh6 26. e5 Be3+ 27. Kf1 Qe7 28.
Rc4 Qh4 29. Qc2 Ng3+ 30. Ke1 Nf5+ 31. Ke2 Qg3 32. Rc8 Qxg2+ 33. Ke1 Qg1+ 34.
Ke2 Ng3# 0-1

[Event "13sen.WMH 2003 Senioren"]
[Site "Bad Zwischenahn(17.11.-29.11.2003)"]
[Date "2003.11.29"]
[Round "1.14"]
[White "Arkhangelsky, Boris"]
[Black "Lundberg, Gunnar"]
[Result "1-0"]
[WhiteElo "2269"]
[BlackElo "1874"]
[PlyCount "35"]


1. d4 Nf6 2. c4 g6 3. Nc3 d5 4. cxd5 Nxd5 5. e4 Nxc3 6. bxc3 Bg7 7. Be3 O-O 8.
Qd2 c5 9. Rb1 cxd4 10. cxd4 Nc6 11. d5 Na5 12. Nf3 b6 13. Bh6 Bb7 14. Bxg7 Kxg7
15. Be2 Rc8 16. O-O Qd6 17. Rfd1 f5 18. e5 1-0

[Event "13sen.WMH 2003 Senioren"]
[Site "Bad Zwischenahn(17.11.-29.11.2003)"]
[Date "2003.??.??"]
[Round "1.15"]
[White "Keze, Arnis"]
[Black "Litvinov, Vladimir"]
[Result "0-1"]
[WhiteElo "1824"]
[BlackElo "2370"]
[PlyCount "38"]


1. d4 Nf6 2. e4 d6 3. Nc3 e5 4. dxe5 dxe5 5. Qxd8+ Kxd8 6. Bg5 c6 7. Nf3 Nbd7
8. O-O-O Kc7 9. g3 Bb4 10. Ne2 Re8 11. a3 Bf8 12. Nc3 Nc5 13. Nd2 a5 14. f4 Ng4
15. Bh4 Ne3 16. fxe5 Nxd1 17. Kxd1 Bg4+ 18. Be2 Bxe2+ 19. Nxe2 Rxe5 0-1

[Event "13sen.WMH 2003 Senioren"]
[Site "Bad Zwischenahn(17.11.-29.11.2003)"]
[Date "2003.11.29"]
[Round "1.16"]
[White "Baumgartner, Heinz"]
[Black "Moeckel, Edgar,Dr."]
[Result "1-0"]
[WhiteElo "2307"]
[BlackElo "1805"]
[PlyCount "39"]


1. Nf3 d5 2. g3 Nf6 3. Bg2 Bf5 4. d3 e6 5. O-O Be7 6. c4 c6 7. Be3 Nbd7 8. Qb3
Qc8 9. cxd5 exd5 10. Nc3 Nc5 11. Bxc5 Bxc5 12. e4 dxe4 13. dxe4 Be6 14. Qc2 O-O
15. e5 Bf5 16. Qa4 Nd7 17. Rac1 Nb6 18. Qf4 Qe6 19. b4 Be7 20. Nd4 1-0

[Event "13sen.WMH 2003 Senioren"]
[Site "Bad Zwischenahn(17.11.-29.11.2003)"]
[Date "2003.11.29"]
[Round "1.17"]
[White "Rickers, Gerd"]
[Black "Lieb, Harald"]
[Result "0-1"]
[WhiteElo "1957"]
[BlackElo "2273"]
[PlyCount "104"]


1. d4 Nf6 2. Nf3 g6 3. b3 Bg7 4. Bb2 O-O 5. e3 c5 6. Be2 cxd4 7. Nxd4 Nc6 8.
O-O d6 9. c4 Bd7 10. Nc3 a6 11. Qd2 Rb8 12. Rfd1 b5 13. cxb5 Nxd4 14. Qxd4 axb5
15. Nd5 Bc6 16. Bf3 Bxd5 17. Bxd5 Qa5 18. b4 Qa6 19. Bb3 Nh5 20. Qd2 Bxb2 21.
Qxb2 Nf6 22. Rdc1 Rfc8 23. Rxc8+ Rxc8 24. Rc1 Rxc1+ 25. Qxc1 d5 26. f3 e6 27.
Qa1 Ne8 28. a4 bxa4 29. Qxa4 Qe2 30. Qxe8+ Kg7 31. h3 Qxe3+ 32. Kh2 Qxb3 33. b5
d4 34. Qd8 Qxb5 35. Qxd4+ e5 36. Qd6 Qb2 37. Qe7 Qd4 38. Kg3 Qf4+ 39. Kf2 Qf6
40. Qe8 Qd6 41. Ke2 h5 42. Qc8 Kf6 43. Qc3 Qd4 44. Qb3 Qg1 45. g4 Qg2+ 46. Ke1
Qxh3 47. g5+ Kg7 48. Qe3 Qg3+ 49. Ke2 h4 50. Qc1 h3 51. Qh1 h2 52. Kf1 Kf8 0-1

[Event "13sen.WMH 2003 Senioren"]
[Site "Bad Zwischenahn(17.11.-29.11.2003)"]
[Date "2003.11.29"]
[Round "1.18"]
[White "Rahls, Peter"]
[Black "Fries, Karl-Heinz"]
[Result "1-0"]
[WhiteElo "2331"]
[BlackElo "1744"]
[PlyCount "67"]


1. e4 d5 2. exd5 Qxd5 3. Nc3 Qa5 4. d4 Nf6 5. Bc4 Bf5 6. Bd2 c6 7. Qe2 Qc7 8.
O-O-O Nbd7 9. f3 e6 10. g4 Bg6 11. h4 h5 12. Bg5 Be7 13. Nh3 O-O-O 14. Nf4 Nf8
15. Kb1 Bd6 16. Nxg6 Nxg6 17. Ne4 Be7 18. gxh5 Nxh5 19. Qd2 Bxg5 20. Qxg5 Qe7
21. Qxe7 Nxe7 22. Ng5 Nd5 23. Nxf7 Rhf8 24. Nxd8 Kxd8 25. Bxd5 cxd5 26. Rd3 Rf4
27. a4 Ng3 28. Rg1 Nf5 29. Rg4 Rxg4 30. fxg4 Nxh4 31. a5 Ng6 32. Rb3 Kc7 33.
Rf3 Nh8 34. Rf8 1-0

[Event "13sen.WMH 2003 Senioren"]
[Site "Bad Zwischenahn(17.11.-29.11.2003)"]
[Date "2003.11.29"]
[Round "1.19"]
[White "Bardin, Christian"]
[Black "Zakharchenko, Arnold"]
[Result "0-1"]
[WhiteElo "1763"]
[BlackElo "2331"]
[PlyCount "60"]


1. e4 g6 2. c4 c5 3. Ne2 Nc6 4. d4 cxd4 5. Nxd4 Bg7 6. Be3 Nh6 7. Be2 d6 8. Nc3
O-O 9. O-O f5 10. Nxc6 bxc6 11. Qd2 Nf7 12. f4 Qa5 13. Nd5 Qxd2 14. Nxe7+ Kh8
15. Bxd2 Bd7 16. exf5 Rae8 17. fxg6 Rxe7 18. Bd3 hxg6 19. Rab1 Bd4+ 20. Kh1 Bf5
21. Bxf5 gxf5 22. Rf3 Re2 23. Bc3 Bxc3 24. bxc3 Rfe8 25. Kg1 Rxa2 26. Rb7 Kg7
27. h4 Kf6 28. Rg3 Nh6 29. Kh2 Ng4+ 30. Kh3 Re1 0-1

[Event "13sen.WMH 2003 Senioren"]
[Site "Bad Zwischenahn(17.11.-29.11.2003)"]
[Date "2003.11.29"]
[Round "1.20"]
[White "Hermann, Manfred[42Oldenb]"]
[Black "Klein, Leo"]
[Result "1-0"]
[WhiteElo "2281"]
[BlackElo "1956"]
[PlyCount "72"]


1. e4 d5 2. exd5 Qxd5 3. Nc3 Qa5 4. d4 c6 5. Bc4 Bf5 6. Nf3 e6 7. O-O Nf6 8.
Re1 Be7 9. Bd2 Qd8 10. Ne2 Ne4 11. Be3 Nd7 12. Nf4 O-O 13. Nd3 Nb6 14. Bb3 Nd5
15. Bc1 a5 16. a4 Kh8 17. Nfe5 f6 18. Nf3 Ng5 19. Nh4 Bb4 20. Nxb4 Nxb4 21.
Nxf5 exf5 22. c3 Nd5 23. Qd3 Qd7 24. Bc2 g6 25. Qg3 Ne6 26. Bh6 Rf7 27. h4 Ng7
28. Bb3 Nh5 29. Qf3 Re7 30. Rxe7 Nxe7 31. Re1 Ng8 32. Bd2 Re8 33. Rxe8 Qxe8 34.
c4 Qd8 35. Bc3 Ne7 36. g3 b6 1-0

[Event "13sen.WMH 2003 Senioren"]
[Site "Bad Zwischenahn(17.11.-29.11.2003)"]
[Date "2003.11.29"]
[Round "1.26"]
[White "Ivanets, Vladimir"]
[Black "Kaner, Klim"]
[Result "1-0"]
[WhiteElo "2270"]
[BlackElo "1911"]
[PlyCount "63"]


1. e4 g6 2. d4 Bg7 3. h4 d5 4. e5 h5 5. Ne2 Bg4 6. f3 Bf5 7. Ng3 Be6 8. Bd3 Nh6
9. c3 c5 10. Ne2 Nc6 11. Bb5 Qb6 12. a4 Nf5 13. Na3 a5 14. Nc2 cxd4 15. cxd4
O-O 16. g4 hxg4 17. fxg4 Nfxd4 18. Nexd4 Nxe5 19. Be2 Bd7 20. h5 Nc6 21. Nb5 d4
22. Ra3 Rad8 23. Bf4 e5 24. Bg5 Rde8 25. h6 f6 26. hxg7 Rf7 27. Bc1 Nb4 28.
Nxb4 axb4 29. Rah3 Rxg7 30. Qb3+ Re6 31. Rh8+ Kf7 32. Qxb4 1-0

[Event "13sen.WMH 2003 Senioren"]
[Site "Bad Zwischenahn(17.11.-29.11.2003)"]
[Date "2003.11.29"]
[Round "1.28"]
[White "Zoltek, Tadeuz"]
[Black "Feldmann, Klaus[39Varel]"]
[Result "1-0"]
[WhiteElo "2294"]
[BlackElo "1829"]
[PlyCount "49"]


1. c4 c5 2. Nf3 Nf6 3. g3 g6 4. Bg2 Bg7 5. O-O O-O 6. Nc3 Nc6 7. d4 cxd4 8.
Nxd4 Nxd4 9. Qxd4 d6 10. Qd3 Bf5 11. e4 Be6 12. b3 Qd7 13. e5 Ng4 14. exd6 Ne5
15. Qd2 exd6 16. Ba3 Rfd8 17. f4 Nc6 18. Rad1 Bg4 19. Rde1 Bh3 20. Nd5 Bxg2 21.
Kxg2 Re8 22. Bb2 Rxe1 23. Rxe1 Re8 24. Bxg7 Kxg7 25. Qc3+ 1-0